00472nam a22001697a 45000050016000000100014000160200023000300350013000530370013000660820010000791000025000892450068001142600042001822700036002243000021002607000021002812010072206116.0 aENG-96485 a8187710187c400.00 aEN-80018 bDBAD/PUB a232.9 aLakshmikanathan, V . aThe orgin and the history of mathesmatics/cby V Lakshmikanthan aNewyorkbDilip and Dipika Doctorcn.d aH.O.1051, sec 1,rohtakbHaryana a182p.c22cm (Hb) aDevi,asundhara V